El reverso del derecho : desmontajes del discurso jurídico /

Guardado en:
Autor Principal: Roggero, Jorge.
Formato: Libro
Idioma:Undetermined
Publicado: Ciudad Autónoma de Buenos Aires : La Ley; Departamento de publicaciones UBA, 2017.
Edición:1a. ed.
Series:Colección Facultad de Derecho - Filosofía y Teoría del Derecho
Materias:
Etiquetas: Agregar Etiqueta
Sin Etiquetas, Sea el primero en etiquetar este registro!
LEADER 00757nam a22002295a 4500
001 DER.der013813
008 190319s2017####ag############000#0#und#d
005 20231227143628.0
245 1 0 |a El reverso del derecho :  |b desmontajes del discurso jurídico /  |c Jorge Roggero. 
250 |a 1a. ed. 
260 |a Ciudad Autónoma de Buenos Aires :  |b La Ley; Departamento de publicaciones UBA,  |c 2017. 
300 |a 166 p. 
020 |a 9789870333692 
100 1 |a Roggero, Jorge. 
830 0 |a Colección Facultad de Derecho - Filosofía y Teoría del Derecho 
650 7 |a HANS KELSEN 
650 7 |a RETORICA LOGOLOGICA 
650 7 |a VIOLENCIA Y LENGUAJE 
650 7 |a MESIANISMO 
650 7 |a TEOLOGIA 
650 7 |a ONTOLOGIA 
859 |a DERECHO  |b BIB. DERECHO  |h 346  |i ROG  |p 004284